000 00666nam a2200193Ia 4500
003 GCL
008 140319s9999 xx 000 0 ara d
040 _aGCL /
_cGCL
082 0 4 _a616.963
_bع س
100 1 _aعبدالعزيز بن عبدالله الجامع
245 1 0 _aسلوك المنشقات: البلهارسيا (رسالة) /
_cعبدالعزيز بن عبدالله الجامع
700 1 _aمحمد سعيد بن ميزرا حسن البريكى
300 _a141 ص
490 _a100 قصة
_v0
650 0 4 _aالبلهارسيا
650 0 4 _aالامراض المتوطنة
650 0 4 _aديدان البلهارسيا
942 _2ddc
_cBK
999 _c43734
_d43734